000 00785nam a2200289 i 4500
001 C2-0142571
003 PPAK
005 20180727125517.0
008 980107s1996 my a|||| ||||| | may d
020 _a9676106208
040 _aPPAK
_beng
_cPPAK
_erda
082 0 4 _a702.812
_223
090 0 0 _a702.812
_bTOF
_dK
090 0 0 _a702.812
_bTOF
_dRK
100 1 _aTofts, Hannah,
_eauthor
245 1 0 _aBuku kolaj:
_bmenggunakan kertas, kad, kaca, kayu
264 1 _aKuala Lumpur :
_bUtusan ,
_c1996
300 _a32 pages :
_bcolour illustrations ;
_c27 cm
336 _2rdacontent
_atext
337 _2rdamedia
_aunmediated
338 _2rdacarrier
_avolume
490 1 _aKraf ria
650 1 0 _aCollage - Technique
700 _eauthor
830 0 _aKraf ria
942 _ddc
_cB
999 _c44470
_d44470